Kemelut cinta (Record no. 160660)
[ view plain ]
| 000 -LEADER | |
|---|---|
| fixed length control field | 00713nam a2200265 i 4500 |
| 001 - CONTROL NUMBER | |
| control field | C2-0217480 |
| 003 - CONTROL NUMBER IDENTIFIER | |
| control field | PPAK |
| 005 - DATE AND TIME OF LATEST TRANSACTION | |
| control field | 20180728105941.0 |
| 008 - FIXED-LENGTH DATA ELEMENTS--GENERAL INFORMATION | |
| fixed length control field | 990629s1998 my |||| ||||| | may d |
| 020 ## - INTERNATIONAL STANDARD BOOK NUMBER | |
| International Standard Book Number | 9831372875 |
| 040 ## - CATALOGING SOURCE | |
| Original cataloging agency | PPAK |
| Language of cataloging | eng |
| Transcribing agency | PPAK |
| Description conventions | rda |
| 082 04 - DEWEY DECIMAL CLASSIFICATION NUMBER | |
| Classification number | 899.233 |
| Edition number | 23 |
| 090 00 - LOCALLY ASSIGNED LC-TYPE CALL NUMBER (OCLC); LOCAL CALL NUMBER (RLIN) | |
| Classification number (OCLC) (R) ; Classification number, CALL (RLIN) (NR) | 899.233 |
| Feature heading | NOR |
| Feature heading | G |
| 100 0# - MAIN ENTRY--PERSONAL NAME | |
| Personal name | Noriah Mohd Syarif, |
| Relator term | author |
| 245 10 - TITLE STATEMENT | |
| Title | Kemelut cinta |
| 264 #1 - PRODUCTION, PUBLICATION, DISTRIBUTION, MANUFACTURE, AND COPYRIGHT NOTICE | |
| Place of production, publication, distribution, manufacture | Seberang Perai Tengah, Pulau Pinang : |
| Name of producer, publisher, distributor, manufacturer | Rhythm , |
| Date of production, publication, distribution, manufacture, or copyright notice | 1998 |
| 300 ## - PHYSICAL DESCRIPTION | |
| Extent | 168 pages ; |
| Dimensions | 18 cm |
| 336 ## - CONTENT TYPE | |
| Source | rdacontent |
| Content type term | text |
| 337 ## - MEDIA TYPE | |
| Source | rdamedia |
| Media type term | unmediated |
| 338 ## - CARRIER TYPE | |
| Source | rdacarrier |
| Carrier type term | volume |
| 490 1# - SERIES STATEMENT | |
| Series statement | Siri cinta remaja |
| 650 10 - SUBJECT ADDED ENTRY--TOPICAL TERM | |
| Topical term or geographic name entry element | Malay fiction. |
| 830 #0 - SERIES ADDED ENTRY--UNIFORM TITLE | |
| Uniform title | Siri cinta remaja |
| 942 ## - ADDED ENTRY ELEMENTS (KOHA) | |
| -- | dc |
| Koha item type | Book |
| Withdrawn | Not for loan | Current library | Shelving location | Date acquired | Full call number | Barcode | Date last seen | Koha item type |
|---|---|---|---|---|---|---|---|---|
| Perpustakaan Awam Sungai Petani | Pinjaman Dewasa | 18/07/2000 | 899.233 NOR | A00932851 | 01/06/2018 | Book | ||
| Perpustakaan Baling | Pinjaman Dewasa | 05/04/2012 | 899.233 NOR | A00867145 | 01/06/2018 | Book | ||
| Perpustakaan Kulim | Pinjaman Dewasa | 18/07/2000 | 899.233 NOR | A00932857 | 01/06/2018 | Book | ||
| Perpustakaan Kulim | Pinjaman Dewasa | 25/09/2004 | 899.233 NOR | A01058038 | 01/06/2018 | Book | ||
| Perpustakaan Kulim | Pinjaman Dewasa | 25/09/2004 | 899.233 NOR | A01058039 | 01/06/2018 | Book | ||
| Perpustakaan Langkawi | Pinjaman Dewasa | 18/07/2000 | 899.233 NOR | A00932854 | 01/06/2018 | Book | ||
| Perpustakaan Sik | Pinjaman Dewasa | 24/10/2000 | 899.233 NOR | A00902291 | 01/06/2018 | Book | ||
| Perpustakaan Sik | Pinjaman Dewasa | 24/10/2000 | 899.233 NOR | A00902292 | 01/06/2018 | Book | ||
| Perpustakaan Sik | Pinjaman Dewasa | 24/10/2000 | 899.233 NOR | A00902293 | 01/06/2018 | Book | ||
| Perpustakaan Yan | Pinjaman Dewasa | 18/07/2000 | 899.233 NOR | A00932858 | 01/06/2018 | Book | ||
| Bergerak 1, Alor Setar | Pinjaman Dewasa | 18/07/2000 | 899.233 NOR | A00932860 | 01/06/2018 | Book | ||
| Bergerak 1, Alor Setar | Pinjaman Dewasa | 18/07/2000 | 899.233 NOR | A00932862 | 01/06/2018 | Book | ||
| Bergerak 3, Baling | Pinjaman Dewasa | 18/07/2000 | 899.233 NOR | A00932866 | 01/06/2018 | Book | ||
| Bergerak 3, Baling | Pinjaman Dewasa | 18/07/2000 | 899.233 NOR | A00932867 | 01/06/2018 | Book | ||
| Bergerak 3, Baling | Pinjaman Dewasa | 18/07/2000 | 899.233 NOR | A00932868 | 01/06/2018 | Book | ||
| Bergerak 4, Sungai Petani | Pinjaman Dewasa | 18/07/2000 | 899.233 NOR | A00932869 | 01/06/2018 | Book | ||
| Bergerak 4, Sungai Petani | Pinjaman Dewasa | 18/07/2000 | 899.233 NOR | A00932871 | 01/06/2018 | Book | ||
| Bergerak 5, Kulim | Pinjaman Dewasa | 18/07/2000 | 899.233 NOR | A00932873 | 01/06/2018 | Book | ||
| Bergerak 5, Kulim | Pinjaman Dewasa | 18/07/2000 | 899.233 NOR | A00932874 | 01/06/2018 | Book | ||
| Bergerak 5, Kulim | Pinjaman Dewasa | 18/07/2000 | 899.233 NOR | A00932878 | 01/06/2018 | Book | ||
| Bergerak 5, Kulim | Pinjaman Dewasa | 18/07/2000 | 899.233 NOR | A00932879 | 01/06/2018 | Book | ||
| Bergerak 5, Kulim | Pinjaman Dewasa | 18/07/2000 | 899.233 NOR | A00932880 | 01/06/2018 | Book |